| 000 | 01373nam a2200361 c 4500 | ||
|---|---|---|---|
| 999 |
_c176374 _d176374 |
||
| 003 | BLK | ||
| 005 | 20250116131332.0 | ||
| 008 | 180411b bul|||||r ||||||| ||bul|| | ||
| 010 | _aKNG00184982000 | ||
| 020 | _a978-954-771-348-2 | ||
| 040 | _aBLK | ||
| 041 |
_aBUL _cBUL |
||
| 072 | 7 |
_2bullib _aН83 _xЧужда художествена литература Н |
|
| 080 |
_aАнглийска литература _b821.111 _x-31 _z821.111-31 |
||
| 100 | 1 |
_aСъг, Зоуи _eпърви автор _9127008 |
|
| 139 |
_aСъг, Зоуи _bС 96 |
||
| 245 | 1 | 0 |
_a[Гърл] Girl Online и рокбожественярското момче от Бруклин _bРоман _cЗоуи Съг; прев. Илияна Александрова Бенова. |
| 257 | _aGBR | ||
| 260 |
_bКръгозор _c2015 |
||
| 300 |
_a287 с. _c21 см |
||
| 380 | _aX | ||
| 500 | _aБез сведение за ориг. загл. - За авторката. - На кор. означено 1. | ||
| 653 | _aромани | ||
| 659 | _aН | ||
| 700 | 1 |
_aБенова, Илияна Александрова _eпрев. _9340597 |
|
| 852 | _aЦб 290045 | ||
| 856 | 4 | _qpdf | |
| 856 | 4 | _qpdf | |
| 942 |
_cKNG _n0 _033 |
||
| 944 |
_aCR _c18.11.2015 _lМинев Младен _k30530 |
||
| 944 |
_aED _c20.07.2016 _lф / _kВиолета_Тройчева |
||
| 999 | _d176374 | ||